Statistics for 40 biggest cities along the African Great Lakes on a blank map

Click here to take the quiz!

General Stats

  • This quiz has been taken 239 times
  • The average score is 7 of 40

Answers on the Map

Answers color-coded by a green-red scale on the quiz's map according to % correct below.
 

Answer Stats

AnswerPopulation% Correct
Kampala1 680 600
95%
Bujumbura497 166
76%
Goma249 862
60%
Mwanza706 453
49%
Entebbe102 600
34%
Kisumu397 957
30%
Bukavu471 789
27%
Kalemie92 971
20%
Kigoma215 458
19%
Jinja83 400
18%
Uvira235 136
16%
Bukoba128 796
13%
Gisenyi136 830
12%
Monkey Bay14 955
12%
Karonga61 609
10%
Mangochi53 498
10%
Moba46 890
10%
Musoma134 327
10%
Nkhotakota28 350
10%
Mpulungu29 103
9%
Pweto22 121
9%
Homa Bay44 949
8%
Nchelenge36 894
8%
Nkhata Bay14 274
8%
Metangula12 772
7%
Rumonge35 931
7%
Kajjansi135 600
6%
Katabi154 300
6%
Lukaya25 600
6%
Njeru178 800
6%
Chato13 540
5%
Dokolo23 700
5%
Kibuye12 325
5%
Kituku38 340
5%
Mbita14 916
5%
Nansio28 341
5%
Bugembe45 600
4%
Kyela47 389
4%
Nkome15 443
4%
Shirati9 794
3%

Score Distribution

Percentile by Number Answered

Percent of People with Each Score

Your Score History

You have not taken this quiz